El agave /

Reprotaje documental sobre el maguey, en el que son descritas su taxonomía y usos en el período prehispánico, sus partes y procesos reproductivos y su empleo en diversas industrias, entre ellas la tequilera. Este programa, con duración de cortometraje, forma parte de Riqueza natural de México, serie...

Descripció completa

Guardat en:
Dades bibliogràfiques
Autor principal: Velázquez Cornejo, Rubén (prod.)
Autor corporatiu: Reunión Nacional de la Red de Televisión y Video de las Instituciones de Educación Superior, Muestra Nacional de Televisión y Video de las Instituciones de Educación Superior
Altres autors: Rodríguez, Carlos (realización) (realización), Jardinez, Rocío (guión) (guión), Huerta, Marco (fotógrafo) (fotógrafo), Rodríguez, Carlos (edición) (edición), Jardinez, Rocío (conducción) (conducción)
Format: Actes de congresos Diapositiva
Idioma:espanyol
Col·lecció:(Muestra Nacional de Televisión y Video de las Instituciones de Educación Superior ; Categoría Divulgación Científica) 2010.
(Muestra Nacional de Televisión y Video de las Instituciones de Educación Superior ; UACh) 2010.
Matèries:
Etiquetes: Afegir etiqueta
Sense etiquetes, Sigues el primer a etiquetar aquest registre!

MARC

LEADER 00000ngm^a2200000^a^4500
001 000341519
005 20250521000000.0
009 20260310114524.976
037 |a Acervo ITESO - Biblioteca 
041 |a ESP 
082 |a 302. 234420972  |b REU MUE 2010 V. 14 
100 |a Velázquez Cornejo, Rubén  |e (prod.) 
240 1 1 |a [Riqueza natural de México] 
240 1 1 |a [Muestra Nacional de Televisión y Video de las Instituciones de Educación Superior 2010: producciones de la categoría divulgación científica] 
240 1 1 |a [Muestra Nacional de Televisión y Video de las Instituciones de Educación Superior 2010: producciones de la UACh] 
240 1 1 |a [Muestra Nacional de Televisión y Video de las Instituciones de Educación Superior 2010] 
240 1 1 |a [Muestra Nacional de Televisión y Video de las Instituciones de Educación Superior: producciones de la categoría divulgación científica] 
240 1 1 |a [Muestra Nacional de Televisión y Video de las Instituciones de Educación Superior: producciones de la UACh] 
240 1 1 |a [Muestra Nacional de Televisión y Video de las Instituciones de Educación Superior] 
245 1 3 |a El agave /  |c Prod. de R. Velázquez Cornejo ; realización de C. Rodríguez. 
264 |a México :  |b Universidad Autónoma Chapingo, Departamento de Medios Audiovisuales :  |b Secretaría de Agricultura, Ganadería, Desarrollo Rural, Pesca y Alimentación,  |c 2009 
264 |a México :  |b ANUIES [distribución],  |c 2010 
300 |a 1 DVD sin dato de región  |c (10 min.) 
336 |a imagen móvil bidimensional  |b tdi  |2 rdacontenido 
337 |a video  |b v  |2 rdamedio 
338 |a videodisco  |b vd  |2 rdasoporte 
440 1 |a (Muestra Nacional de Televisión y Video de las Instituciones de Educación Superior ;  |v 2010.  |p Categoría Divulgación Científica) 
440 1 |a (Muestra Nacional de Televisión y Video de las Instituciones de Educación Superior ;  |v 2010.  |p UACh) 
520 |a Reprotaje documental sobre el maguey, en el que son descritas su taxonomía y usos en el período prehispánico, sus partes y procesos reproductivos y su empleo en diversas industrias, entre ellas la tequilera. Este programa, con duración de cortometraje, forma parte de Riqueza natural de México, serie audiovisual de divulgación científica producida por la Universidad Autónoma Chapingo (UACh). 
520 |a Suplementos y características especiales: ninguna. 
649 |a XX 
650 |a Documentales 
650 |a Series de Televisión 
650 |a Televisión -  |z México -  |y 2000-2009 
650 |a Televisión -  |z México -  |y Siglo XXI 
650 |a Maguey -  |x Tema Principal 
650 |a Botánica 
650 |a Biología 
650 |a Ciencia -  |x Difusión 
711 |a Reunión Nacional de la Red de Televisión y Video de las Instituciones de Educación Superior (  |n 16a :  |d 2010 :  |c Universidad Juárez Autónoma de Tabasco) 
711 |a Muestra Nacional de Televisión y Video de las Instituciones de Educación Superior (  |n 12a :  |d 2010 :  |c Universidad Juárez Autónoma de Tabasco) 
700 |a Rodríguez, Carlos  |e (realización) 
700 |a Jardinez, Rocío  |e (guión) 
700 |a Huerta, Marco  |e (fotógrafo) 
700 |a Rodríguez, Carlos  |e (edición) 
700 |a Jardinez, Rocío  |e (conducción) 
910 |a Fondo General 
920 |a Audiovisuales - DVDs 
940 |a Películas 
905 |a 302 
901 |a 0500214639  |b IT2  |c DVS  |i D63042  |u 20250521 
902 |a https://opac.biblio.iteso.mx/vufind/Record/000341519